000
00306nam a22001337a 4500
008
171101b xxu||||| |||| 00| 0 eng d
020
_a
9789995680800
041
_a
ALB
080
_a
339.9
100
_a
59
101
_a
GLO
245
_a
EVROPA EKONOMIKE DHE E ARDHMJA E SAJ
_c
SOIN,R
942
_2
udc
_c
BK
999
_c
37123
_d
37123